000 01006nam a2200253Ia 4500
003 OSt
005 20220918110815.0
006 a|||||r|||| 00| 0
007 ta
008 220915b |||||||| |||| 00| 0 hin d
020 _a8179751007 (hbk (Set))
_c3600
024 _a260295
037 _b374, 11/02/2011, Swaraj Prakashan
_cReference Collections
040 _aARTS
_cARTS
_bhin
041 _2hin
_ahin
082 _aO152:gn2,N58, P5.1-.4(RR)
100 _aशर्मा, रामविलास, संपा.
_99635
245 0 _aसमालोचक
246 _aSamālochaka
260 _aनई दिल्ली
_bअनामिका पब्लिशर्स एंड डिस्ट्रीब्यूटर्स भारत
_c2005
490 _vभाग 1
942 _hO152:gn2,N58, P5.1-.4(RR)
_cREF
999 _c114907
_d114907